000 00766nam a22002057a 4500
999 _c15777
_d15777
003 OSt
005 20201123153712.0
008 181213b ||||| |||| 00| 0 eng d
022 _a0730-3084
040 _c0
082 _aDPer 613.705 J863 Sept 2015-Apr 2016 v. 86-87
100 _aBaghurst, Timothy.
_942566
245 _aUsing personal action cameras as an effective resource in the evaluation of preservice teacher/
_cTimothy Baghurst, and Brian Mosier-editor.
260 _aPhiladelphia:
_bShape America-Society of Health and Physical Educators,
_c©Sept 2015-Apr 2016.
300 _av87, n1, pages 49-50:
_billustrations;
_c28 cm.
500 _aJOPERD
650 _aTechnology
_2Teaching.
_933110
700 _aMosier, B.
_eEditor.
_942600
942 _2ddc
_cPER